000 00189nam a2200085Ia 4500
008 250605s9999 xx 000 0 und d
041 _aeng
100 _aHimanshi Batra
245 _aStrategy Soda
999 _c46214
_d46214